Score 0/14 Timer 02:00
2 Plays Today
Clue 4-Letter Word % Correct
Show affection with lipsKISS
95.6%
Throw and not hit the targetMISS
95.2%
A journey or voyageTRIP
95.1%
A small watercraftBOAT
92.7%
The majorityMOST
92.2%
Niagara Falls boat tour: The Maid of the ___MIST
91.6%
'Silly Rabbit, [First rung] are for [Last rung]'KIDS
91%
Clue 4-Letter Word % Correct
Unruly childBRAT
89.8%
Admiral Ackbar: It's a _____!TRAP
89.1%
'Silly Rabbit, [First rung] are for [Last rung]'TRIX
88%
Flat low-sided server to carry thingsTRAY
87.6%
Shoe reaching to the ankleBOOT
86.6%
The sound a donkey makesBRAY
83.4%
Deprived of significance, like a pointMOOT
81.7%

Today's Daily Dose

Remove Ads.
Support Sporcle.
Get the best of Sporcle when you Go Orange. This ad-free experience offers more features, more stats, and more fun while also helping to support Sporcle. Thank you for becoming a member.

You're not logged in!

Compare scores with friends on all Sporcle quizzes.
OR
Log In

Show Comments

Extras

Top Quizzes Today


Score Distribution

Your Account Isn't Verified!

In order to create a playlist on Sporcle, you need to verify the email address you used during registration. Go to your Sporcle Settings to finish the process.

Report this User

Report this user for behavior that violates our Community Guidelines.

Details: